Konzum Figyelő. - 1.évf. (1947) 4.sz.

Elmentve itt :
Bibliográfiai részletek
Dokumentumtípus: Folyóirat
Megjelent: 1947
Sorozat:Konzum Figyelő : a MÁV Konzum Szövetkezet hivatalos lapja 1 No. 4
Online Access:http://misc.bibl.u-szeged.hu/55156
LEADER 00495nas a2200133 i 4500
001 misc55156
005 20210910133812.0
008 200504s1947 hu o 0|| zxx d
040 |a SZTE Miscellanea Repozitórium  |b hun 
041 |a zxx 
245 0 0 |a Konzum Figyelő. - 1.évf. (1947) 4.sz.  |h [elektronikus dokumentum] 
260 |c 1947 
490 0 |a Konzum Figyelő : a MÁV Konzum Szövetkezet hivatalos lapja  |v 1 No. 4 
856 4 0 |u http://misc.bibl.u-szeged.hu/55156/1/konzum_figyelo_1947_004.pdf  |z Dokumentum-elérés